Normal view
MARC view
- ديوي،جون مؤلف/الرحيم،أحمد حسن مترجم/ناصر،محمد مراجع/آل ياسين،محمد حسين تصدير
Entry Personal Name
001 - CONTROL NUMBER
- control field: 8464
003 - CONTROL NUMBER IDENTIFIER
- control field: JO-AjAnu
005 - DATE AND TIME OF LATEST TRANSACTION
- control field: 20230606071650.0
008 - FIXED-LENGTH DATA ELEMENTS
- fixed length control field: 230606|| aca||aabn | a|a d
040 ## - CATALOGING SOURCE
- Original cataloging agency: JO-AjAnu
- Transcribing agency: JO-AjAnu
100 ## - HEADING--PERSONAL NAME
- Personal name: ديوي،جون مؤلف/الرحيم،أحمد حسن مترجم/ناصر،محمد مراجع/آل ياسين،محمد حسين تصدير
670 ## - SOURCE DATA FOUND
- Source citation: Work cat.: (JO-AjAnu)4370: ديوي،جون مؤلف/الرحيم،أحمد حسن مترجم/ناصر،محمد مراجع/آل ياسين،محمد حسين تصدير, author, المدرسة والمجتمع